Happy Easter day! /

A story in which a family prepares for and enjoys Easter, combined with both traditional and literary rhymes.

Bibliographic Details
Main Author: Watson, Wendy
Format: Book
Language:English
Published: New York : Clarion Books, [1993]
Subjects:

MARC

Tag First Indicator Second Indicator Subfields
LEADER 00000cam a2200000 a 4500
001 in00001450121
005 20151021050413.0
008 920729s1993 nyua j 000 0 eng
010 |a  92027921  
020 |a 0395536286 :  |c $14.95 
035 |a (OCoLC)26552959 
035 |9 AJD3527AM 
040 |a DLC  |c DLC  |d TXA  |d UtOrBLW 
049 |a TXAM 
050 0 0 |a PZ5.W29  |b Hap 1993 
082 0 0 |a 808.81/933  |2 20 
100 1 |a Watson, Wendy. 
245 1 0 |a Happy Easter day! /  |c Wendy Watson. 
264 1 |a New York :  |b Clarion Books,  |c [1993] 
264 4 |c ©1993 
300 |a 1 volume (unpaged) :  |b color illustrations ;  |c 27 cm. 
336 |a text  |b txt  |2 rdacontent 
337 |a unmediated  |b n  |2 rdamedia 
338 |a volume  |b nc  |2 rdacarrier 
520 |a A story in which a family prepares for and enjoys Easter, combined with both traditional and literary rhymes. 
650 0 |a Easter  |x Literary collections. 
650 1 |a Easter  |x Literary collections. 
999 |a MARS 
999 f f |s 9f629977-94ed-3895-a0f0-cf7db2d84d49  |i 4f53a599-7b01-3bcd-8a6f-596028dc2633  |t 0 
952 f f |p ric  |a Texas A&M University  |b Rellis Campus  |c Joint Library Facility  |d Remote Storage  |t 0  |e PZ5.W29 Hap 1993  |h Library of Congress classification  |i unmediated -- volume  |m A14822343803 
998 f f |a PZ5.W29 Hap 1993  |t 0  |l Remote Storage